000 01063nmc a2200361 a 4500
003 AR-BaBNM
005 20251128204155.0
008 011101s1992 ||||||||||||||000 | spa||
020 _a950-701-149-8
040 _cAR-BaBNM
100 1 _aBecerra Cano, Natalia
245 1 0 _aRelaciones alumno-maestro en la formación de lectores
260 _aBuenos Aires
_bCERLALC
_bAique
_c1992
300 0 _a95 p.
_bgráfs.
490 0 _aLa escuela y la formación de lectores autónomos
_vv. 2
504 _aContiene bibliografía
650 4 _aRELACION ALUMNO-DOCENTE
650 4 _aMETODOS DE ENSENANZA
650 4 _aLECTURA
650 4 _aTALLERES ESCOLARES
650 4 _aENSENANZA DE LA LECTURA
650 4 _aACTIVIDADES DE APRENDIZAJE
650 4 _aPLANIFICACION ESCOLAR
650 4 _aPROMOCION DE LA LECTURA
650 4 _aHABITO DE LECTURA
650 4 _aCOMUNICACION
650 4 _aSOCIALIZACION
650 4 _aAPRENDIZAJE
650 4 _aMETODOS DE INVESTIGACION
700 1 _aCharría de Alonso, María Elvira
942 _cBK
998 _cGrace
999 _c6475
_d6475